Dancing with the Indians / (Record no. 4033)

MARC details
000 -LEADER
fixed length control field 01271cam a2200385 a 4500
001 - CONTROL NUMBER
control field 4033
003 - CONTROL NUMBER IDENTIFIER
control field FISKH
005 - DATE AND TIME OF LATEST TRANSACTION
control field 20240531155017.0
008 - FIXED-LENGTH DATA ELEMENTS--GENERAL INFORMATION
fixed length control field 901227s1991 nyua j 000 1 eng
010 ## - LIBRARY OF CONGRESS CONTROL NUMBER
LC control number 90028666
020 ## - INTERNATIONAL STANDARD BOOK NUMBER
International Standard Book Number 0823408930 :
020 ## - INTERNATIONAL STANDARD BOOK NUMBER
International Standard Book Number 0590459821
040 ## - CATALOGING SOURCE
Original cataloging agency DLC
Transcribing agency DLC
Modifying agency DLC
Language of cataloging eng
042 ## - AUTHENTICATION CODE
Authentication code lcac
050 00 - LIBRARY OF CONGRESS CALL NUMBER
Classification number PZ8.3.M551155
Item number Dan 1991
082 00 - DEWEY DECIMAL CLASSIFICATION NUMBER
Classification number 305.89
Edition number 20
100 1# - MAIN ENTRY--PERSONAL NAME
Personal name Medearis, Angela Shelf,
Dates associated with a name 1956-
245 10 - TITLE STATEMENT
Title Dancing with the Indians /
Statement of responsibility, etc. by Angela Shelf Medearis ; illustrated by Samuel Byrd.
250 ## - EDITION STATEMENT
Edition statement First Scholastic printing, November 1992
260 ## - PUBLICATION, DISTRIBUTION, ETC.
Place of publication, distribution, etc. New York :
Name of publisher, distributor, etc. Scholastic,
Date of publication, distribution, etc. 1991.
300 ## - PHYSICAL DESCRIPTION
Extent 28 unnumbered pages :
Other physical details color illustrations ;
Dimensions 21 × 25 cm
505 ## - FORMATTED CONTENTS NOTE
Formatted contents note O<br/>
520 ## - SUMMARY, ETC.
Summary, etc. While attending a Seminole Indian celebration, a black family watches and joins in several exciting dances.
521 8# - TARGET AUDIENCE NOTE
Target audience note 600<br/>
Source Lexile <br/>
521 8# - TARGET AUDIENCE NOTE
Target audience note O <br/>
Source Raz-Plus <br/>
650 #1 - SUBJECT ADDED ENTRY--TOPICAL TERM
Topical term or geographic name entry element Dance
Form subdivision Fiction.
650 #1 - SUBJECT ADDED ENTRY--TOPICAL TERM
Topical term or geographic name entry element Seminole Indians
Form subdivision Fiction.
650 #1 - SUBJECT ADDED ENTRY--TOPICAL TERM
Topical term or geographic name entry element Indians of North America
Form subdivision Fiction.
650 #1 - SUBJECT ADDED ENTRY--TOPICAL TERM
Topical term or geographic name entry element African Americans
Form subdivision Fiction.
650 #1 - SUBJECT ADDED ENTRY--TOPICAL TERM
Topical term or geographic name entry element Stories in rhyme.
700 1# - ADDED ENTRY--PERSONAL NAME
Personal name Byrd, Samuel,
Relator term illustrator
906 ## - LOCAL DATA ELEMENT F, LDF (RLIN)
a 7
b cbc
c orignew
d 1
e ocip
f 19
g y-gencatlg
942 ## - ADDED ENTRY ELEMENTS (KOHA)
Source of classification or shelving scheme Dewey Decimal Classification
Koha item type Books
Suppress in OPAC No
Holdings
Withdrawn status Lost status Source of classification or shelving scheme Damaged status Not for loan Collection Home library Current library Shelving location Date acquired Total Checkouts Full call number Barcode Date last seen Copy number Price effective from Koha item type
    Dewey Decimal Classification     Juvenile Fiction Footprints International School Library Network Toul Kork Campus Footprints International School Library Network Toul Kork Campus TK Primary Library Room(4th Floor), Bookcase 3&4, Shelves 17-32, Yellow Books 05/31/2024   MED 305.89 PZ8.M551155 FISTK02216 05/31/2024 1 05/31/2024 Books
    Dewey Decimal Classification     Juvenile Fiction Footprints International School Library Network Toul Kork Campus Footprints International School Library Network Toul Kork Campus   05/31/2024   MED 305.89 PZ8.M551155 FISBK06178 08/16/2024 2 05/31/2024 Books